Statistics for Countries Closest to Mexico - One Minute Sprint

Click here to take the quiz!

General Stats

  • This quiz has been taken 112 times
  • The average score is 15 of 23

Answer Stats

kmcountrymi% Correct
0United States0
99%
1092Panama679
91%
197Cuba123
88%
0Guatemala0
87%
0Belize0
86%
178Honduras110
86%
472Nicaragua293
86%
1813Canada1126
85%
752Costa Rica467
84%
207El Salvador128
81%
914Jamaica568
78%
875Colombia543
77%
931Bahamas579
70%
1558Dominican
Republic
968
69%
1307Haiti812
68%
1826Venezuela1135
67%
2629Antigua and
Barbuda
1634
48%
2535Saint Kitts
and Nevis
1575
48%
1603Ecuador996
46%
2390Peru1485
43%
2006Aruba1246
23%
2492Sint Maarten1548
17%
2107Curaçao1309
15%

Score Distribution

Percentile by Number Answered

Percent of People with Each Score

Your Score History

You have not taken this quiz